The ordeal of the constitution: the antifederalists and the ratification struggle of 1787-1788

Gespeichert in:
Bibliographische Detailangaben
1. Verfasser: Rutland, Robert Allen (VerfasserIn)
Format: Buch
Sprache:Englisch
Veröffentlicht: Boston Northeastern University 1966
Schlagworte:
Tags: Tag hinzufügen
Keine Tags, Fügen Sie den ersten Tag hinzu!

MARC

LEADER 00000nam a2200000 a 4500
001 UCT9714
003 CL-VaPUC
008 970411e19660000US |||||||||||||||||eng|d
082 0 4 |a 342.73  |b RUT  |2 21 
100 0 |a Rutland, Robert Allen  |e author  |9 382650 
245 1 4 |a The ordeal of the constitution: the antifederalists and the ratification struggle of 1787-1788 
300 |a 329 p 
942 |c BK 
945 |d 19970411 00:00:00  |a paguirre 
260 |a Boston  |b Northeastern University  |c 1966 
650 0 |a Derecho constitucional   |9 222588 
650 0 |a Constituciones  |9 255417 
650 0 |a Federalismo  |9 313886 
650 0 |a Historia constitucional  |9 256052 
650 7 |a SISTEMAS POLITICOS  |2 CL-VaPUC  |9 382651 
651 0 |a Estados Unidos  |9 255178 
583 |a last modification  |c 19970411 00:00:00  |k Rodrigo Vera 
999 |c 258093  |d 258091 
952 |0 0  |1 0  |4 0  |6 342_730000000000000_RUT_1966  |7 0  |8 A  |9 281899  |a BIBDER  |b BIBDER  |d 2019-11-19  |i 1829068  |o 342.73 RUT 1966  |p 1829068  |r 2023-01-25  |w 2019-11-19  |y BK  |k DER